Colors on Rubik's Cube - Statistics

General Stats
  • This quiz has been taken 69 times
  • The average score is 5 of 6
Answer Stats
Answer % Correct
Red
98%
Yellow
96%
Blue
95%
Green
93%
White
89%
Orange
74%
No matching quizzes found
Score Distribution
Percent of People with Each Score
Percentile by Number Answered
Your Score History
You have not taken this quiz